| 000 | 00555nam a2200217Ia 4500 | ||
|---|---|---|---|
| 003 | OSt | ||
| 005 | 20220928144834.0 | ||
| 006 | a|||||r|||| 00| 0 | ||
| 007 | ta | ||
| 008 | 220927b |||||||| |||| 00| 0 eng d | ||
| 024 | _a76322 | ||
| 037 | _cTextual | ||
| 040 |
_aSDCL _cSDCL _beng |
||
| 041 |
_2eng _aeng |
||
| 082 | _aV2y7L85, M8 | ||
| 100 |
_aDayal Dass _9509873 |
||
| 245 | 0 | _aCharles Metcalfe and British administration in India. | |
| 260 | _c1988 | ||
| 942 |
_hV2y7L85, M8 _cTEXL _2CC |
||
| 999 |
_c829868 _d829868 |
||